| 000 | 01226cad a22002655a 4500 | ||
|---|---|---|---|
| 001 | L144476 | ||
| 008 | 080722s2008 xxks f 000 0 eng d | ||
| 035 | _a(Sirsi) u144476 | ||
| 041 | 0 | _aeng | |
| 050 | 0 | 4 | _a306.1 $2 18 |
| 100 | 1 | _aFord, Janet | |
| 245 | 0 | 0 |
_aHousing market recessions and sustainable home-ownership _h[electronic resource] |
| 260 |
_aYork _bJRF _c2008 |
||
| 520 | _aConsiders how the government could respond to housing market recessions in the short term and what longer-term measures it might take to promote sustainability throughout the housing market cycle. The authors ask what lessons can be learned from past experiences that could help to inform stakeholders during the current period of instability. | ||
| 521 | _aAdvanced | ||
| 651 | 4 |
_aEngland and Wales _y1543- |
|
| 690 | _aPROPERTY-RESIDENTIAL PROPERTY-RESIDENTIAL PROPERTY MARKET | ||
| 690 | _aENVIRONMENTAL AND LAND CONSULTANCY-SUSTAINABILITY-SUSTAINABLE DEVELOPMENT | ||
| 700 | 1 | _aSpencer, Peter | |
| 700 | 1 | _aStephens, Mark | |
| 700 | 1 | _aWallace, Alison | |
| 700 | 1 | _aWilliams, Peter | |
| 856 | 4 | 0 |
_uhttps://www.jrf.org.uk/knowledge/findings/housing/2254.asp _zView the item free of charge at www.jrf.org.uk... |
| 942 | _n0 | ||
| 999 |
_c108522 _d108522 |
||